| 000 | 01214cam a2200277 4500 | ||
|---|---|---|---|
| 008 | 020125n1997 000 0 eng u | ||
| 020 | _a0884152677 | ||
| 035 | _a(Sirsi) u116475 | ||
| 041 | _aeng. | ||
| 050 | _a692.5 | ||
| 100 | _aPage, J. | ||
| 245 | _aConceptual cost estimating manual | ||
| 250 | _a2nd ed. | ||
| 260 |
_aHouston, Tex. _bGulf Publishing Company _c1997 |
||
| 300 |
_axvii,326p. _c23cm. |
||
| 350 | _a60.00 | ||
| 520 | _aAn American guide that provides managers of chemical, refinery and industrial plants with the information they need to generate fast, reasonably accurate costs for designing and constructing a specified facility. Among the specifics covered are: process equipment, site preparation, site improvements, concrete, structural steel, iron, buildings, piping, installation and material cost of electrical equipment, insulation, paint and painting, and construction equipment. Figures are given in imperial units. | ||
| 650 | _aCOST ESTIMATING | ||
| 650 | _aCHEMICAL PLANTS | ||
| 650 | _aREFINERIES | ||
| 650 | _aINDUSTRIAL BUILDINGS | ||
| 650 | _aDESIGN COSTS | ||
| 650 | _aCONSTRUCTION COSTS | ||
| 690 | _aBUILT ENVIRONMENT-BUILDING COSTS | ||
| 942 | _n0 | ||
| 999 |
_c101861 _d101861 |
||